Business ethics: (Record no. 2351)

MARC details
000 -LEADER
fixed length control field 01490nam a22002057a 4500
003 - CONTROL NUMBER IDENTIFIER
control field OSt
005 - DATE AND TIME OF LATEST TRANSACTION
control field 20220818150702.0
008 - FIXED-LENGTH DATA ELEMENTS--GENERAL INFORMATION
fixed length control field 161006t xxu||||| |||| 00| 0 eng d
020 ## - INTERNATIONAL STANDARD BOOK NUMBER
International Standard Book Number 9780133832396
Terms of availability RM109.25
040 ## - CATALOGING SOURCE
Transcribing agency MIU
Modifying agency MIU_ain
050 ## - LIBRARY OF CONGRESS CALL NUMBER
Classification number HF5387
Item number .V44 2018
100 ## - MAIN ENTRY--PERSONAL NAME
9 (RLIN) 591
Personal name Velasquez, Manuel G.
245 ## - TITLE STATEMENT
Title Business ethics:
Statement of responsibility, etc. Manuel G. Velasquez.
Remainder of title concepts and cases /
250 ## - EDITION STATEMENT
Edition statement 8th ed.
260 ## - PUBLICATION, DISTRIBUTION, ETC.
Place of publication, distribution, etc. Essex,
Name of publisher, distributor, etc. Pearson:
Date of publication, distribution, etc. 2018.
300 ## - PHYSICAL DESCRIPTION
Extent 448 p. :
Other physical details ill. ;
Dimensions 28 cm.
504 ## - BIBLIOGRAPHY, ETC. NOTE
Bibliography, etc. note Includes bibliographical reference and index.
520 ## - SUMMARY, ETC.
Summary, etc. Business Ethics: Concepts and Cases is one of the most widely used texts on business ethics today ― and remains popular among students because of its accessible style and lucid explanations of complex theories and concepts. While cases and issues have been updated extensively for the Eighth Edition, the authors’ goals are consistent with previous editions: (1) to introduce the reader to the ethical concepts that are relevant to resolving moral issues in business; (2) to impart the reasoning and analytical skills needed to apply ethical concepts to business decisions; (3) to identify the moral issues involved in the management of specific problem areas in business; (4) to provide an understanding of the social, technological, and natural environments within which moral issues in business arise; and (5) to supply case studies of actual moral dilemmas faced by businesses and business people.
942 ## - ADDED ENTRY ELEMENTS (KOHA)
Source of classification or shelving scheme Library of Congress Classification
Koha item type Book
Holdings
Withdrawn status Lost status Source of classification or shelving scheme Damaged status Not for loan Home library Current library Shelving location Date acquired Source of acquisition Cost, normal purchase price Total Checkouts Full call number Barcode Date last seen Date last checked out Cost, replacement price Price effective from Koha item type
    Library of Congress Classification     MILA University Central Library MILA University Central Library General Stacks 18/08/2022 Global Book Frontier Sdn Bhd 109.25 1 HF5387 .V44 2018 0003261 05/10/2022 27/09/2022 109.25 18/08/2022 Book
   
  Powered by CD Solutions Sdn Bhd